Statistics for Famous People of the 3rd Century AD

Click here to take the quiz!

General Stats

  • This quiz has been taken 17 times
  • The average score is 4 of 15

Answer Stats

HintAnswer% Correct
Founder of Manichaeism, a gnostic religion popular in PersiaMani
63%
Persian King, who captured the Roman Emperor and caused the 3. Century CrisisShapur the Great
44%
Historian, who wrote about roman histoy from the foundation of Rome to his presentCassius Dio
38%
Important neoplatonic philosopher and author of the EnneadsPlotinus
38%
Roman emperor, who was captured by the PersiansValerian
38%
Roman emperor, who made every free man a citizen of the empireCaracalla
31%
He overthrow the Parthians and became founder of the Sasanian EmpireArdashir I
19%
Important biographer of greek philosophersDiogenes Laërtius
19%
Founder of the Gupta Empire in northern IndiaGupta
19%
Christian head of Catechetical School of Alexandria and Church FatherClement of Alexandria
13%
Influential early theologian, who mixed Platonic, Stoic and Christian IdeasOrigen
13%
Neoplatonic philosopher, who edited the Enneads and intigrated Aristotelian logic into PlatonismPorphyry
13%
Founder of NeoplatonismAmmonius Saccas
6%
Son of Cao Cao and founder of the Wei kingdomCao Pi
6%
He became king of Palmyra and saved Rome in the 3. Century Crisis against PersiaOdaenathus
0%

Score Distribution

Percentile by Number Answered

Percent of People with Each Score

Your Score History

You have not taken this quiz